[Event "TUR-chT Clubs"]
[Site "Konya"]
[Date "2019.07.17"]
[Round "3.12"]
[White "Yildiz, Tunahan"]
[Black "Aki, Furkan"]
[Result "1-0"]
[WhiteElo "1719"]
[BlackElo "1223"]
[PlyCount "36"]
[EventDate "2019.07.16"]
[EventType "team-swiss"]
[EventRounds "9"]
[EventCountry "TUR"]
[SourceTitle "CBM 191 Extra"]
[Source "ChessBase"]
[SourceDate "2019.09.30"]
[SourceVersion "1"]
[SourceVersionDate "2019.09.30"]
[SourceQuality "1"]
[WhiteTeam "Artvin Il Ozel"]
[BlackTeam "Bolu Dernegi"]
[WhiteTeamCountry "TUR"]
[BlackTeamCountry "TUR"]

1. d4 Nf6 2. c4 e6 3. Nf3 b6 4. a3 Bb7 5. Nc3 d5 6. cxd5 Nxd5 7. Qc2 Nxc3 8. bxc3 Be7 9. e4 Nd7 10. Bd3 Rc8 11. Qe2 c5 12. 0-0 Nf6 13. Bb5+ Bc6 14. Bxc6+ Rxc6 15. Qb5 Qc7 16. Ne5 0-0 17. Qxc6 Rc8 18. Qxc7 Rxc7 1-0

[Event "TUR-chT Clubs"]
[Site "Konya"]
[Date "2019.07.16"]
[Round "1.3"]
[White "Kiziltas, Inanc Vefa"]
[Black "Aki, Furkan"]
[Result "1-0"]
[WhiteElo "1858"]
[BlackElo "1223"]
[PlyCount "55"]
[EventDate "2019.07.16"]
[EventType "team-swiss"]
[EventRounds "9"]
[EventCountry "TUR"]
[SourceTitle "CBM 191 Extra"]
[Source "ChessBase"]
[SourceDate "2019.09.30"]
[SourceVersion "1"]
[SourceVersionDate "2019.09.30"]
[SourceQuality "1"]
[WhiteTeam "Bitlis Dernegi"]
[BlackTeam "Bolu Dernegi"]
[WhiteTeamCountry "TUR"]
[BlackTeamCountry "TUR"]

1. e4 c5 2. Nf3 d6 3. d4 cxd4 4. Qxd4 a6 5. c4 Nc6 6. Qd1 g6 7. Be2 Bg7 8. 0-0 Nf6 9. Nc3 0-0 10. h3 Bd7 11. Be3 Qc7 12. Rc1 e6 13. Qd2 Ne8 14. Rfd1 f5 15. Bh6 Rd8 16. Bxg7 Kxg7 17. exf5 Rxf5 18. Ne4 Bc8 19. Qc3+ e5 20. Rd2 Rf8 21. g4 Rf4 22. Qe3 b6 23. Nc3 Rd7 24. Nd5 Qd8 25. Nxf4 exf4 26. Qxf4 Rf7 27. Qe3 Qf6 28. Qxe8 1-0

[Event "TUR-chT2"]
[Site "Konya"]
[Date "2018.07.14"]
[Round "7.14"]
[White "Aki, Furkan"]
[Black "Memis, Furkan"]
[Result "0-1"]
[WhiteElo "1240"]
[BlackElo "1739"]
[PlyCount "45"]
[EventDate "2018.07.10"]
[EventType "team-swiss"]
[EventRounds "9"]
[EventCountry "TUR"]
[SourceTitle "EXT 2019"]
[Source "ChessBase"]
[SourceDate "2018.10.10"]
[SourceVersion "1"]
[SourceVersionDate "2018.10.10"]
[SourceQuality "1"]
[WhiteTeam "Bolu Dernegi"]
[BlackTeam "Kanya Gambit"]
[WhiteTeamCountry "TUR"]
[BlackTeamCountry "TUR"]

1. b3 d5 2. Bb2 Nf6 3. Nf3 Bf5 4. e3 e6 5. c4 c6 6. Nc3 Nbd7 7. Be2 Bd6 8. Nh4 Bg6 9. Nxg6 hxg6 10. h3 Qe7 11. cxd5 exd5 12. Qc2 a5 13. a4 Qe6 14. Ba3 Bb4 15. Bxb4 axb4 16. Na2 c5 17. Bf3 g5 18. 0-0-0 Ke7 19. Rhe1 Rhc8 20. e4 d4 21. d3 Ne5 22. Be2 b5 23. Kb2 0-1

[Event "TUR-chT2"]
[Site "Konya"]
[Date "2018.07.11"]
[Round "3.14"]
[White "Alevnur, Hasan"]
[Black "Aki, Furkan"]
[Result "1-0"]
[WhiteElo "1122"]
[BlackElo "1240"]
[PlyCount "56"]
[EventDate "2018.07.10"]
[EventType "team-swiss"]
[EventRounds "9"]
[EventCountry "TUR"]
[SourceTitle "EXT 2019"]
[Source "ChessBase"]
[SourceDate "2018.10.10"]
[SourceVersion "1"]
[SourceVersionDate "2018.10.10"]
[SourceQuality "1"]
[WhiteTeam "Manisa Yunusembre"]
[BlackTeam "Bolu Dernegi"]
[WhiteTeamCountry "TUR"]
[BlackTeamCountry "TUR"]

1. b3 d5 2. Bb2 Nf6 3. e3 Bf5 4. Bb5+ c6 5. Be2 e6 6. d3 Bd6 7. Nd2 Nbd7 8. Ngf3 0-0 9. Nh4 Bg6 10. Nxg6 hxg6 11. c4 Qa5 12. h4 Be5 13. d4 Bd6 14. c5 Be7 15. a3 Rab8 16. h5 gxh5 17. b4 Qc7 18. Bxh5 g6 19. Be2 Kg7 20. Bd3 Rh8 21. Rxh8 Rxh8 22. Qc2 Ng4 23. Nf1 f5 24. 0-0-0 Rh1 25. Kb1 Nh2 26. Ng3 Rxd1+ 27. Qxd1 Bg5 28. Qe2 Bh4 1-0